[Event "ICS rated blitz match"]
[Site "204.178.125.65"]
[Date "1999.10.27"]
[Round "?"]
[White "LoadedGun"]
[Black "Hossa"]
[Result "1/2-1/2"]
[WhiteElo "2628"]
[BlackElo "2461"]
[PlyCount "160"]
[EventDate "1999.??.??"]

1. d4 Nf6 2. c4 e6 3. Nf3 c5 4. Nc3 cxd4 5. Nxd4 d5 6. cxd5 Nxd5 7. Bd2 e5 8.
Ndb5 Nf6 9. Bg5 Bd7 10. e4 Nc6 11. Bxf6 gxf6 12. Be2 a6 13. Nd6+ Bxd6 14. Qxd6
Be6 15. Qa3 Nd4 16. O-O Rc8 17. Rfd1 Rc6 18. Bd3 Rd6 19. Ne2 O-O 20. Nxd4 Rxd4
21. Bc2 Rxd1+ 22. Rxd1 Qb6 23. Qg3+ Kh8 24. b3 Rg8 25. Qh4 Bg4 26. Rd5 Bf3 27.
g3 Rc8 28. Qh6 Qe6 29. Rc5 Kg8 30. Rxc8+ Qxc8 31. Qxf6 Qxc2 32. Qxf3 b5 33. Kg2
Qxa2 34. Qc3 h6 35. Qc8+ Kg7 36. Qg4+ Kh7 37. Qf5+ Kg8 38. Qxe5 Qxb3 39. Qb8+
Kg7 40. h4 a5 41. Qe5+ Kh7 42. Qf5+ Kg8 43. Qg4+ Kf8 44. Qh5 Qe6 45. Qxb5 Qxe4+
46. f3 Qc2+ 47. Kh3 Qc7 48. f4 Qc8+ 49. f5 Qc7 50. Qb2 Kg8 51. Qd4 Kh7 52. Qe4
Qd7 53. g4 f6 54. Qe3 a4 55. Qf3 Kg8 56. Qe4 Kg7 57. Qe3 Qb7 58. Kh2 Qc7+ 59.
Kg1 Qd7 60. Kf2 Qf7 61. Qa3 Qa7+ 62. Ke2 Qa6+ 63. Kd2 Qa5+ 64. Ke3 Qe1+ 65. Kf3
Qd1+ 66. Kf4 Qd2+ 67. Kf3 Qd7 68. Ke3 Kf7 69. Qa2+ Kf8 70. Qc4 Qa7+ 71. Kd3 a3
72. Qc8+ Kg7 73. Qe8 Qa6+ 74. Kc3 a2 75. Qg6+ Kf8 76. Qxh6+ Kg8 77. Qg6+ Kf8
78. Qh6+ Kg8 79. Qg6+ Kf8 80. Qh6+ 80... Kg8 {Game drawn by repetition} 1/2-1/2

[Event "ICS rated blitz match"]
[Site "204.178.125.65"]
[Date "1999.10.27"]
[Round "?"]
[White "Hossa"]
[Black "OneBigLoser"]
[Result "1/2-1/2"]
[WhiteElo "2468"]
[BlackElo "2268"]
[PlyCount "79"]
[EventDate "1999.??.??"]

1. e4 d5 2. exd5 Qxd5 3. Nc3 Qd8 4. Nf3 Nf6 5. Bb5+ c6 6. Bc4 e6 7. O-O Bd6 8.
d3 b5 9. Bb3 O-O 10. Bg5 Nbd7 11. Ne4 Be7 12. Bf4 Nxe4 13. dxe4 Nc5 14. Qe2 Bb7
15. Rad1 Qe8 16. Bc7 a5 17. c3 Nxb3 18. axb3 a4 19. bxa4 Rxa4 20. Ne5 f5 21. b4
fxe4 22. Qxe4 Rf5 23. Qd4 Bf6 24. f4 Ra2 25. Rf2 Rxf2 26. Qxf2 Qc8 27. g4 Bxe5
28. Bxe5 Rf7 29. Qa7 Rd7 30. Rxd7 Qxd7 31. h4 Qd1+ 32. Kf2 Qd2+ 33. Kg3 Qd3+
34. Kh2 Qe2+ 35. Kh3 Qf1+ 36. Kg3 Qd3+ 37. Kh2 Qe2+ 38. Kh3 Qf3+ 39. Kh2 Qe2+
40. Kh3 {Game drawn by repetition} 1/2-1/2

[Event "ICS rated blitz match"]
[Site "204.178.125.65"]
[Date "1999.10.27"]
[Round "?"]
[White "BugChess"]
[Black "Hossa"]
[Result "0-1"]
[WhiteElo "2293"]
[BlackElo "2460"]
[PlyCount "106"]
[EventDate "1999.??.??"]

1. d4 Nf6 2. c4 e6 3. Nc3 Bb4 4. e3 c5 5. Bd3 Nc6 6. Nf3 d5 7. O-O O-O 8. a3
cxd4 9. exd4 Be7 10. Be2 dxc4 11. Bxc4 b6 12. Qd3 Bb7 13. Rd1 Rc8 14. Ba2 Qd6
15. d5 exd5 16. Nxd5 Nxd5 17. Bxd5 Rcd8 18. Bg5 Ne5 19. Qf5 Bxd5 20. Bxe7 Nxf3+
21. Qxf3 Qxe7 22. Rxd5 Rxd5 23. Qxd5 Rd8 24. Qf3 Rd2 25. Qc3 Qd7 26. Re1 h5 27.
g3 a5 28. Qe5 b5 29. Qxh5 Rxb2 30. Qc5 Rd2 31. Qb6 Qf5 32. Rf1 a4 33. Qb8+ Kh7
34. Qe8 Qf3 35. Qe1 Rd3 36. Qb1 f5 37. Qxb5 Rxa3 38. Qb4 Ra2 39. Qh4+ Kg6 40.
Qc4 Qe2 41. Qd5 a3 42. h4 Rd2 43. h5+ Kh6 44. Qg8 Qf3 45. Qh8+ Kg5 46. Qh7 Kg4
47. h6 g5 48. Qf7 Kh3 49. Qh5+ Qxh5 50. h7 Qxh7 51. Re1 Qh5 52. Rf1 Qf3 53. g4
53... Qg2# {BugChess checkmated} 0-1

[Event "ICS rated blitz match"]
[Site "204.178.125.65"]
[Date "1999.10.27"]
[Round "?"]
[White "Hossa"]
[Black "Weezer"]
[Result "0-1"]
[WhiteElo "2480"]
[BlackElo "2484"]
[PlyCount "182"]
[EventDate "1999.??.??"]

1. e4 e5 2. Nf3 d6 3. d4 exd4 4. Nxd4 g6 5. Nc3 Bg7 6. Be3 Ne7 7. Be2 O-O 8.
O-O Nbc6 9. Qd2 Re8 10. Nxc6 Nxc6 11. Bg5 Bxc3 12. bxc3 f6 13. Bc4+ Kh8 14. Bh6
Rxe4 15. Bf7 Be6 16. Bxe6 Rxe6 17. Rab1 b6 18. Qd3 Qd7 19. Rbd1 Rae8 20. Qa6
Re4 21. f4 Ne7 22. Rd3 Ra4 23. Qb7 Nc6 24. Rfd1 Rb8 25. Rxd6 Qxd6 26. Rxd6 Rxb7
27. Rxc6 f5 28. Re6 Kg8 29. Re7 Rxa2 30. Rg7+ Kh8 31. Rd7 Ra1+ 32. Kf2 Rb8 33.
Bg7+ Kg8 34. Rxc7 Re8 35. Be5 Ra2 36. Rg7+ Kf8 37. Rxh7 Re6 38. Rh8+ Ke7 39.
Rh7+ Ke8 40. Ke3 Rxc2 41. Rxa7 Rxc3+ 42. Kd2 Rc5 43. Rb7 Rd5+ 44. Ke3 b5 45. h4
Ra6 46. Kf2 Re6 47. Ke3 Kf8 48. Kf3 Ra6 49. Kg3 Rc6 50. Kh3 Re6 51. Bg7+ Ke8
52. Be5 Rc6 53. Kg3 Rdc5 54. Kh3 Ra6 55. Kh2 Rd5 56. Kg1 Re6 57. Kf2 Rc5 58.
Kg3 Kd8 59. Rf7 Rd5 60. Rb7 Rc6 61. Kf3 Kc8 62. Rb8+ Kd7 63. Rb7+ Kd8 64. Ke3
Ra6 65. Kf2 Ra3 66. Kg1 Rg3 67. Kh2 Rg4 68. g3 Rd2+ 69. Kh3 Rd3 70. Bf6+ Kc8
71. Rxb5 Rgxg3+ 72. Kh2 Rgf3 73. Bg5 Rd2+ 74. Kg1 Re3 75. Rb1 Ree2 76. Kf1 Rf2+
77. Kg1 Rg2+ 78. Kf1 Rdf2+ 79. Ke1 Re2+ 80. Kf1 Kc7 81. Rd1 Ref2+ 82. Ke1 Rh2
83. Rb1 Rc2 84. Kd1 Rcg2 85. Bd8+ Kxd8 86. Rb8+ Kc7 87. Re8 Ra2 88. Re7+ Kd6
89. Re2 Raxe2 90. h5 gxh5 91. Kc1 91... Rh1# {Hossa checkmated} 0-1

[Event "ICS Rated blitz match"]
[Site "204.178.125.65"]
[Date "1999.10.27"]
[Round "?"]
[White "WhiteCastles"]
[Black "Hossa"]
[Result "1-0"]
[WhiteElo "2650"]
[BlackElo "2464"]
[PlyCount "106"]
[EventDate "1999.??.??"]

1. d4 Nf6 2. Nf3 g6 3. c4 Bg7 4. g3 O-O 5. Bg2 c5 6. O-O cxd4 7. Nxd4 Nc6 8.
Nc3 Nxd4 9. Qxd4 d6 10. Qd3 Nd7 11. b3 Nc5 12. Qd2 Bf5 13. Bb2 Rc8 14. e4 Bd7
15. Rad1 f5 16. exf5 Bxf5 17. Nb5 Bxb2 18. Qxb2 a6 19. Nd4 Bg4 20. b4 Na4 21.
Qb3 Bxd1 22. Rxd1 Qe8 23. Bxb7 Rb8 24. Bc6 Nc5 25. Qe3 Nd7 26. Qe6+ Qf7 27.
Bxd7 Kh8 28. Qxf7 Rxf7 29. Be6 Rf6 30. b5 axb5 31. cxb5 Rxb5 32. Nxb5 Rxe6 33.
Kf1 Rf6 34. Rc1 Kg7 35. Nd4 Kh6 36. Rc7 e5 37. Nb5 d5 38. Rc5 d4 39. Rxe5 d3
40. Rd5 Rf5 41. Rxf5 gxf5 42. a4 f4 43. a5 d2 44. Ke2 Kg5 45. a6 fxg3 46. hxg3
Kg4 47. a7 d1=R 48. Kxd1 h6 49. a8=Q Kg5 50. Qc6 Kf5 51. Nd4+ Ke5 52. Nf3+ Kf5
53. Nh4+ 53... Ke5 {Hossa resigns} 1-0

[Event "ICS rated blitz match"]
[Site "204.178.125.65"]
[Date "1999.10.27"]
[Round "?"]
[White "Hossa"]
[Black "toothfairy"]
[Result "1/2-1/2"]
[WhiteElo "2456"]
[BlackElo "2160"]
[PlyCount "183"]
[EventDate "1999.??.??"]

1. e4 e5 2. Nc3 Nc6 3. Bb5 Nd4 4. Bc4 Bc5 5. Nf3 d6 6. Na4 Nxf3+ 7. Qxf3 Qf6 8.
Nxc5 Qxf3 9. gxf3 dxc5 10. Rg1 g6 11. d3 c6 12. Be3 b6 13. c3 Ke7 14. d4 cxd4
15. cxd4 exd4 16. Bxd4 f6 17. Rc1 Nh6 18. Be3 Nf7 19. Bxf7 Kxf7 20. Rxc6 Re8
21. Rc7+ Re7 22. Rxe7+ Kxe7 23. f4 Be6 24. b3 Rc8 25. Kd2 Rc6 26. Bd4 a6 27. e5
f5 28. Rg3 b5 29. Rh3 Bg8 30. Rc3 Rxc3 31. Kxc3 a5 32. Bb6 a4 33. Kb4 axb3 34.
axb3 Kd7 35. Kxb5 Bxb3 36. Bc5 Ke6 37. Kb4 Bd1 38. Bd6 Bc2 39. Kc5 Ba4 40. h4
Be8 41. Bf8 Ba4 42. Bg7 Be8 43. Bh6 Ba4 44. Bf8 h5 45. Bh6 Be8 46. Bg5 Ba4 47.
Kb6 Be8 48. Bh6 Ba4 49. Kc7 Be8 50. Bg5 Ba4 51. Kb7 Be8 52. Kb6 Ba4 53. Kc5 Be8
54. Bf6 Ba4 55. Kd4 Be8 56. Bg5 Ba4 57. Kc4 Be8 58. Bd8 Bd7 59. Kc5 Be8 60. Kd4
Ba4 61. Bg5 Be8 62. Bf6 Ba4 63. Kc5 Be8 64. Kc4 Ba4 65. Kb4 Be8 66. Kc3 Bd7 67.
Kd3 Ba4 68. Bg5 Bd7 69. Ke3 Bc6 70. Bd8 Bb5 71. Kd4 Be8 72. Kc5 Ba4 73. Kd4 Be8
74. f3 Ba4 75. Ke3 Be8 76. Bf6 Bc6 77. Bd8 Kd7 78. Bg5 Ke6 79. Kf2 Kd7 80. Bf6
Ke6 81. Bd8 Kd7 82. Bg5 Ke6 83. Bf6 Kd7 84. Ke2 Ke6 85. Bd8 Kd7 86. Bg5 Ke6 87.
Ke3 Kd7 88. Ke2 Ke6 89. Ke3 Kd7 90. Ke2 Ke6 91. Ke3 Kd7 92. Ke2 {
Game drawn by repetition} 1/2-1/2

[Event "ICS rated blitz match"]
[Site "204.178.125.65"]
[Date "1999.10.27"]
[Round "?"]
[White "toothfairy"]
[Black "Hossa"]
[Result "0-1"]
[WhiteElo "2171"]
[BlackElo "2445"]
[PlyCount "66"]
[EventDate "1999.??.??"]

1. e4 e5 2. Nf3 d6 3. Bc4 Bg4 4. h3 Bh5 5. d3 Nc6 6. Be3 Be7 7. Nbd2 Nf6 8. g4
Bg6 9. Bb5 a6 10. Bxc6+ bxc6 11. Qe2 O-O 12. Nh4 Rb8 13. b3 Nd7 14. Nf5 Bxf5
15. gxf5 d5 16. f3 Bb4 17. O-O d4 18. Kh2 dxe3 19. Nc4 Bc3 20. Rab1 Qh4 21.
Nxe3 Rfd8 22. Ng2 Qe7 23. a4 Nb6 24. Kh1 Qg5 25. f4 Qh6 26. Qg4 Nd7 27. Kh2 Nc5
28. Qg5 Qd6 29. fxe5 Bxe5+ 30. Kh1 Nxd3 31. cxd3 Qxd3 32. Qg4 Rxb3 33. Rxb3
33... Qxf1# {toothfairy checkmated} 0-1

[Event "ICS rated blitz match"]
[Site "204.178.125.65"]
[Date "1999.10.27"]
[Round "?"]
[White "Hossa"]
[Black "toothfairy"]
[Result "1-0"]
[WhiteElo "2450"]
[BlackElo "2166"]
[PlyCount "33"]
[EventDate "1999.??.??"]

1. e4 e5 2. Nc3 Bc5 3. g3 d6 4. Bg2 Ne7 5. Na4 Nbc6 6. Nxc5 dxc5 7. Ne2 O-O 8.
O-O f6 9. d3 Bg4 10. f3 Bh5 11. Be3 Nd4 12. c3 Nxe2+ 13. Qxe2 b6 14. a3 a5 15.
Rad1 Nc6 16. d4 cxd4 17. Qc4+ {toothfairy resigns} 1-0

[Event "ICS Rated blitz match"]
[Site "204.178.125.65"]
[Date "1999.10.27"]
[Round "?"]
[White "PackMaster"]
[Black "Hossa"]
[Result "1-0"]
[WhiteElo "2552"]
[BlackElo "2433"]
[PlyCount "124"]
[EventDate "1999.??.??"]

1. d4 Nf6 2. c4 e6 3. Nc3 Bb4 4. e3 c5 5. Bd3 Nc6 6. Nf3 d5 7. O-O O-O 8. a3
cxd4 9. exd4 Be7 10. Re1 Bd7 11. cxd5 exd5 12. Ne5 Nxd4 13. Bxh7+ Nxh7 14. Nxd7
Qxd7 15. Qxd4 Rfd8 16. Bf4 Kf8 17. Re2 a6 18. Rd1 Nf6 19. Bg5 Kg8 20. Rde1 Re8
21. Nxd5 Nxd5 22. Bxe7 Rac8 23. Kf1 Rc7 24. Bg5 Rxe2 25. Rxe2 f6 26. Bd2 Rc2
27. b4 Ra2 28. Qd3 Nb6 29. Qxd7 Nxd7 30. Bc1 Rxe2 31. Kxe2 b5 32. h4 f5 33. Ke3
Nf6 34. Kf4 g6 35. Bb2 Ne4 36. f3 Nf2 37. Kg5 Kf7 38. Bc3 Nh1 39. h5 gxh5 40.
Kxf5 Ng3+ 41. Kg5 Ke6 42. Bd4 Kd5 43. Bf2 Ne2 44. Kxh5 Kc4 45. g4 Nf4+ 46. Kh6
Kb3 47. g5 Kxa3 48. Bc5 Nd5 49. g6 Nf6 50. g7 Ka4 51. f4 a5 52. bxa5 Kxa5 53.
f5 b4 54. Bd4 Ng8+ 55. Kh7 Ne7 56. f6 Nf5 57. g8=Q Nxd4 58. Qd8+ Kb5 59. Qxd4
b3 60. f7 Ka5 61. f8=Q Kb5 62. Qfc5+ 62... Ka6 {Hossa resigns} 1-0

[Event "ICS rated blitz match"]
[Site "204.178.125.65"]
[Date "1999.10.27"]
[Round "?"]
[White "Hossa"]
[Black "PackMaster"]
[Result "0-1"]
[WhiteElo "2422"]
[BlackElo "2563"]
[PlyCount "178"]
[EventDate "1999.??.??"]

1. d4 Nf6 2. c4 e6 3. Nc3 Bb4 4. e3 c5 5. Bd3 Nc6 6. Nf3 Bxc3+ 7. bxc3 d6 8. e4
e5 9. d5 Ne7 10. Rb1 h6 11. O-O g6 12. Bd2 Ng4 13. Qa4+ Bd7 14. Qc2 Rb8 15. h3
Nf6 16. Qc1 Nfg8 17. Qa3 a6 18. Rb2 f5 19. exf5 gxf5 20. Be2 Nf6 21. Rfb1 Qc7
22. Rb3 f4 23. Bc1 Bf5 24. R1b2 O-O 25. Bd2 Ng6 26. Kh1 Rfe8 27. Bc1 e4 28. Nh2
Re5 29. Bf1 Qe7 30. Re2 e3 31. Nf3 Re4 32. Rbb2 Rxc4 33. Rxe3 fxe3 34. Bxc4
exf2 35. Rxf2 b5 36. Rb2 Qf8 37. Qxa6 bxc4 38. Bxh6 Qc8 39. Qa7 Nd7 40. Rxb8
Qxb8 41. Qa4 Nb6 42. Qb5 Ne7 43. Qb2 Nexd5 44. Qc1 Qd8 45. Qe1 Kh7 46. Bg5 Qd7
47. Qh4+ Kg7 48. Bd2 Bd3 49. Qh6+ Kg8 50. Qg5+ Kf7 51. Qh5+ Bg6 52. Qh8 Qf5 53.
Qd8 Qf6 54. Qb8 Kg7 55. Kg1 Bd3 56. Qb7+ Kg8 57. a3 Qf5 58. Bh6 Nd7 59. Bd2 Be2
60. Nh2 N5b6 61. Qc7 Qd3 62. Qd8+ Kf7 63. Be1 Qe3+ 64. Kh1 Qc1 65. Qh4 Bd3 66.
Qh5+ Bg6 67. Qf3+ Kg7 68. Qe2 Ne5 69. Qd2 Qa1 70. Qe3 Nd5 71. Qe2 Nxc3 72. Qe3
Nd5 73. Qg1 c3 74. Bh4 Qxa3 75. Qf1 c2 76. Bg5 Ne3 77. Qf6+ Kh7 78. Bxe3 Qxe3
79. Nf1 c1=Q 80. Qe7+ Kg8 81. Qf6 Be4 82. Kh2 Nf3+ 83. Qxf3 Qxf3 84. gxf3 Qxf1
85. fxe4 Qf2+ 86. Kh1 c4 87. h4 c3 88. e5 c2 89. exd6 89... c1=Q# {
Hossa checkmated} 0-1

[Event "ICS Rated blitz match"]
[Site "204.178.125.65"]
[Date "1999.10.27"]
[Round "?"]
[White "PostModernist"]
[Black "Hossa"]
[Result "1-0"]
[WhiteElo "2630"]
[BlackElo "2412"]
[PlyCount "140"]
[EventDate "1999.??.??"]

1. c4 e5 2. Nc3 Nf6 3. Nf3 Nc6 4. g3 Bb4 5. Bg2 Ng4 6. O-O O-O 7. Nd5 Bc5 8. d3
Re8 9. Bg5 f6 10. Bc1 d6 11. h3 Nh6 12. Bxh6 gxh6 13. Qd2 h5 14. b4 Bb6 15. Qh6
Rf8 16. Qxh5 Be6 17. a4 Nd4 18. e3 Ne2+ 19. Kh2 Bxd5 20. cxd5 a5 21. bxa5 Rxa5
22. Nd2 Nc3 23. Qg4+ Kh8 24. Nb3 Ra7 25. Qc4 Nxd5 26. Bxd5 c6 27. Be6 f5 28. d4
d5 29. Qc2 Qf6 30. a5 Bxd4 31. Nxd4 exd4 32. Qc5 Raa8 33. Qxd4 Rae8 34. Qxf6+
Rxf6 35. Rfb1 Rfxe6 36. Rxb7 R6e7 37. a6 Rg7 38. Rab1 Ra8 39. Rxg7 Kxg7 40.
Rb7+ Kf6 41. Rb6 Ke5 42. Rxc6 Ra7 43. g4 f4 44. exf4+ Kxf4 45. Rf6+ Ke5 46. g5
Ke4 47. f3+ Kd3 48. Rc6 d4 49. Kg3 Re7 50. Rb6 Ra7 51. f4 Ke4 52. Re6+ Kf5 53.
Re5+ Kg6 54. Ra5 d3 55. Kf2 d2 56. Ke2 d1=Q+ 57. Kxd1 Kh5 58. Ke2 Kh4 59. Kf3
Kh5 60. h4 Kxh4 61. g6 h6 62. Ra1 Kh5 63. g7 Rxg7 64. Rh1+ Kg6 65. Rg1+ Kf6 66.
Rxg7 h5 67. Rg5 h4 68. a7 Ke6 69. a8=Q Kd7 70. Qd5+ 70... Kc7 {Hossa resigns}
1-0

[Event "ICS rated blitz match"]
[Site "204.178.125.65"]
[Date "1999.10.27"]
[Round "?"]
[White "Hossa"]
[Black "PostModernist"]
[Result "0-1"]
[WhiteElo "2405"]
[BlackElo "2637"]
[PlyCount "208"]
[EventDate "1999.??.??"]

1. c4 b6 2. e3 e5 3. d4 exd4 4. exd4 Bb7 5. Nc3 Bb4 6. a3 Bxc3+ 7. bxc3 Qe7+ 8.
Qe2 Qxe2+ 9. Nxe2 Nf6 10. Nf4 O-O 11. Be2 Nc6 12. Rb1 Na5 13. f3 Rfe8 14. Kf2
Re7 15. Re1 Rae8 16. g4 h6 17. Rb4 d6 18. Ra4 Bc8 19. Ng2 Bd7 20. Rb4 c5 21.
Rb2 cxd4 22. cxd4 Rc8 23. Ne3 Nc6 24. Nc2 Ree8 25. Bd3 Rxe1 26. Kxe1 d5 27. Be3
dxc4 28. Bxc4 Nxd4 29. Bxf7+ Kxf7 30. Nxd4 Nd5 31. Rb3 Re8 32. Kd2 g5 33. Rd3
Rd8 34. Nc2 Bb5 35. Rd4 a5 36. f4 Kg6 37. f5+ Kf6 38. Bf2 Bc6 39. Rd3 Rd7 40.
Bd4+ Kf7 41. Rh3 Rd6 42. Be5 Nf4+ 43. Bxd6 Nxh3 44. Nd4 Be8 45. Ke3 b5 46. Nb3
a4 47. Nc5 Bc6 48. Nd3 Bg2 49. Bc7 Ke7 50. Be5 Kf7 51. Bd6 Kg7 52. Nc5 Kg8 53.
Na6 Bd5 54. Nb8 Bb3 55. Nd7 Kf7 56. Ne5+ Kf6 57. Nc6 Kg7 58. Bg3 Bd1 59. Ne5
Kf6 60. Ke4 Bc2+ 61. Kd4 h5 62. gxh5 Bxf5 63. Be1 Ke6 64. Ba5 Ng1 65. Bc7 g4
66. Kc5 Nf3 67. Nc6 Kf6 68. Kxb5 Kg5 69. h6 Kxh6 70. Ne7 Bc2 71. Kb4 Bb3 72.
Kc3 Kg7 73. Bg3 Kf6 74. Nc8 Ne5 75. Bxe5+ Kxe5 76. Nb6 Ke4 77. Nd7 Ke3 78. Ne5
Kf4 79. Kd4 Bd1 80. Kd5 Ke3 81. Kd6 Ke4 82. Ke6 Be2 83. Ng6 Kd4 84. Kd7 Kc3 85.
Nf4 Bd1 86. Ng2 Kb3 87. Ne3 Be2 88. Ke7 Kxa3 89. Nd5 Kb2 90. Kf6 a3 91. Nb4 Kb3
92. Nc6 Ka4 93. Nd4 Bd1 94. Ne6 a2 95. Nc5+ Kb5 96. Ne4 a1=Q+ 97. Kf5 Bc2 98.
Kxg4 Qd4 99. h4 Qxe4+ 100. Kg3 Qe3+ 101. Kg2 Be4+ 102. Kf1 Bf3 103. h5 Qe2+
104. Kg1 104... Qg2# {Hossa checkmated} 0-1

[Event "ICS Rated blitz match"]
[Site "204.178.125.65"]
[Date "1999.10.27"]
[Round "?"]
[White "Hossa"]
[Black "MissSilicon"]
[Result "1-0"]
[WhiteElo "2398"]
[BlackElo "2657"]
[Annotator "Steffen A. Jakob"]
[PlyCount "53"]
[EventDate "1999.??.??"]

1. e4 e5 2. f4 exf4 3. Nf3 d6 4. d4 g5 5. Bb5+ $146 ({RR} 5. g3 5... g4 6. Ng1
f3 7. h3 Bg7 8. hxg4 Bxg4 9. Kf2 h5 10. Bf4 h4 11. Rxh4 Rxh4 12. gxh4 Qxh4+ 13.
Bg3 Qh1 14. c3 Qxg1+ 15. Kxg1 f2+ 16. Kxf2 16... Bxd1 {
0-1 Overbeeke,A-Davies,P/Guernsey op 1988/TD 88\02 (16)}) ({RR} 5. h3 5... h6
6. Bc4 Nf6 7. O-O Bg7 8. Nc3 O-O 9. e5 Nh5 10. Re1 Ng3 11. exd6 Qxd6 12. b3 Bd7
13. a4 Re8 14. Ba3 Qg6 15. Rxe8+ Bxe8 16. Nd5 Nc6 17. Ne5 Qe4 18. Nxc6 bxc6 19.
Ne7+ 19... Kh8 {Handoko,E-Westerinen,H/Luzern olm 1982/BIG 80/1-0 (37)}) 5...
c6 6. Bd3 g4 7. Ng1 Qh4+ 8. Kf1 Qf6 9. c3 Bh6 10. Nd2 Ne7 11. Be2 Qg6 12. Kf2
O-O 13. Bd3 g3+ 14. Kf1 Bg4 15. Be2 Bxe2+ 16. Nxe2 d5 17. hxg3 fxg3 18. Rh3
Qf6+ 19. Nf3 Bxc1 20. e5 Qf5 21. Qxc1 Nd7 22. Kg1 c5 23. Qh6 Kh8 24. Ng5 cxd4
25. Nxh7 Ng8 26. Qh4 Qxh3 27. gxh3 {MissSilicon resigns} 1-0

[Event "ICS Rated blitz match"]
[Site "204.178.125.65"]
[Date "1999.10.27"]
[Round "?"]
[White "MissSilicon"]
[Black "Hossa"]
[Result "1-0"]
[WhiteElo "2631"]
[BlackElo "2424"]
[Annotator "regina"]
[PlyCount "121"]
[EventDate "1999.??.??"]

1. e4 e5 2. Bc4 Nc6 3. Nf3 Nf6 4. Ng5 d5 5. exd5 Nxd5 6. d4 exd4 ({RR} 6... Be7
7. Nxf7 Kxf7 8. Qf3+ Ke6 9. Nc3 Nxd4 10. Bxd5+ Kd6 11. Qd3 c6 12. Be4 Kc7 13.
Be3 Be6 14. O-O-O b5 15. Bxd4 Qxd4 16. Qg3 Qc5 17. b4 Qxb4 18. Qxe5+ Kb6 19.
Rd3 Bc4 20. Rd7 Bg5+ 21. Kd1 Bd8 22. Qxg7 Rg8 23. Qd4+ Ka6 24. Bxc6 Bb6 25.
Bb7+ Ka5 26. Qd2 Rad8 27. a3 Qxa3 28. Nd5+ b4 29. Nxb6 axb6 30. Bc6 Rxd7 31.
Qxd7 Qa1+ 32. Kd2 Qc3+ 33. Kc1 Qa1+ 34. Kd2 Qxh1 35. Bd5 Qf1 36. Qb7 Kb5 37.
Qd7+ Kc5 38. Bxg8 Qxf2+ 39. Kc1 Qe1+ 40. Kb2 Qe5+ 41. Kb1 Qe1+ 42. Kb2 Qc3+ 43.
Kb1 {1/2-1/2 Veinger,I-Brook,O/ISR-ch 1986/CBM 01 (43)}) ({RR} 6... e4 7. Nxf7
Kxf7 8. Qh5+ g6 9. Bxd5+ Kg7 10. Bh6+ {
1-0 Clarisse,E-Van Dijke,P/Vlissingen op 1996/EXP 53 (10)}) 7. O-O 7... f6 $146
({RR} 7... Be7 8. Nxf7 Kxf7 9. Qh5+ g6 10. Qxd5+ Qxd5 11. Bxd5+ Kg7 12. Bxc6
bxc6 13. Bf4 Bf5 14. c3 Bxb1 15. Raxb1 dxc3 16. Be5+ Bf6 17. Bxc3 Bxc3 18. bxc3
Rab8 19. f4 Rhd8 20. a4 a5 21. Rxb8 Rxb8 22. Re1 Rb3 23. Re3 Kf6 24. g4 h6 25.
Kf2 25... Ra3 {1/2-1/2 Farhat,S-Nyambir,B/WchJW-U14 St.Lorenzo 1995/JUN 95 (25)
}) 8. Re1+ Be7 9. Nf7 Kxf7 10. Qh5+ Kf8 11. Bxd5 Qe8 12. Qxe8+ Kxe8 13. c3 Ne5
14. cxd4 Nd3 15. Rd1 Nxc1 16. Rxc1 Kd7 17. Re1 Kd6 18. Nd2 g6 19. Bf3 Kd7 20.
Ne4 c6 21. Nc5+ Kd6 22. d5 cxd5 23. Rad1 Kxc5 24. Rxd5+ Kb6 25. Rxe7 f5 26. Rd3
Rb8 27. Rb3+ Kc5 28. Re5+ Kd6 29. Rd5+ Ke6 30. Ra5 a6 31. Rxa6+ bxa6 32. Rxb8
Rd8 33. Kf1 Kd7 34. Ke2 Re8+ 35. Kd3 g5 36. Kd4 Rd8 37. Ra8 h6 38. Kc5 Kc7 39.
Ra7+ Kb8 40. Re7 Rd2 41. Re2 Rxe2 42. Bxe2 Ka7 43. g3 Be6 44. Bc4 Bxc4 45. Kxc4
Kb6 46. Kd5 f4 47. gxf4 gxf4 48. Ke4 Kc5 49. Kxf4 Kd4 50. Kf5 Kd3 51. f4 Ke3
52. Ke5 h5 53. f5 Kd3 54. f6 Kc2 55. f7 Kxb2 56. Kd4 Kxa2 57. Kc3 h4 58. f8=Q
a5 59. Qf2+ Ka3 60. Qb2+ Ka4 61. Qb3# {Hossa checkmated} 1-0

[Event "ICS Rated blitz match"]
[Site "204.178.125.65"]
[Date "1999.10.27"]
[Round "?"]
[White "Hossa"]
[Black "PackMaster"]
[Result "1/2-1/2"]
[WhiteElo "2417"]
[BlackElo "2573"]
[Annotator "regina"]
[PlyCount "41"]
[EventDate "1999.??.??"]

1. e4 e5 2. Bc4 Nc6 3. Nf3 Nf6 4. Ng5 d5 5. exd5 b5 6. Bf1 h6 7. Nxf7 Kxf7 8.
dxc6 Bc5 9. Bxb5 Ng4 10. O-O Qh4 11. Qf3+ Ke8 12. Qh3 $146 ({RR} 12. Qg3 12...
Qxg3 13. hxg3 a6 14. d4 Bxd4 15. Bd3 Nxf2 16. Kh2 e4 17. Bxe4 Be6 18. Bf3 h5
19. c3 Ba7 20. Bg5 Rb8 21. Re1 Kf7 22. b3 Ng4+ 23. Kh1 Rb5 24. Bf4 h4 25. Bxg4
hxg3+ 26. Bh3 26... Rxh3+ {0-1 Bartels,H-Wegner,H/Hamburg 1993/EXT 93op (26)})
12... Qf6 13. Nc3 Nxf2 14. Qh5+ Kd8 15. Nd5 Nh3+ 16. Kh1 Qxf1+ 17. Bxf1 Nf2+
18. Kg1 Nh3+ 19. Kh1 Nf2+ 20. Kg1 Nh3+ 21. Kh1 {Game drawn by repetition}
1/2-1/2

[Event "ICS Rated blitz match"]
[Site "204.178.125.65"]
[Date "1999.10.27"]
[Round "?"]
[White "Hossa"]
[Black "roma"]
[Result "1-0"]
[WhiteElo "2427"]
[BlackElo "2136"]
[PlyCount "139"]
[EventDate "1999.??.??"]

1. e4 e6 2. d4 d5 3. Bd3 dxe4 4. Bxe4 Nf6 5. Bg5 Be7 6. Bf3 c5 7. c3 cxd4 8.
cxd4 Nc6 9. Ne2 Qb6 10. Nbc3 Qxb2 11. Rb1 Qa3 12. O-O O-O 13. Bxc6 bxc6 14. Qc2
Ba6 15. Rb3 Qa5 16. Ne4 Qf5 17. Bxf6 Bxf6 18. Rf3 Qg6 19. Nxf6+ gxf6 20. Rg3
Bb5 21. Rxg6+ hxg6 22. a4 Bxe2 23. Qxe2 Rfd8 24. Qc4 Rd6 25. Qc5 Rad8 26. Qxa7
Rxd4 27. Qc7 Ra8 28. a5 Ra4 29. Qxc6 R4xa5 30. Rb1 Ra1 31. Qc1 Rxb1 32. Qxb1
Kg7 33. f3 e5 34. Qb7 Ra4 35. Kf2 Ra2+ 36. Kg3 Ra4 37. Qc7 Rd4 38. h4 Rb4 39.
Kh3 Rb3 40. Qe7 Rc3 41. Kg4 Rc4+ 42. Kg3 Rc3 43. Qd7 Rb3 44. Kh3 Rc3 45. Qe7
Rb3 46. Qc7 Rd3 47. Qb7 Rc3 48. g4 Rd3 49. Kg3 Rd6 50. h5 gxh5 51. gxh5 f5 52.
Qe7 f4+ 53. Kg4 Re6 54. Qd7 Rf6 55. Qc7 Re6 56. Kf5 Re8 57. Qc6 Re6 58. Qxe6
fxe6+ 59. Kxe5 Kh6 60. Kxe6 Kxh5 61. Kf5 Kh6 62. Kxf4 Kg6 63. Ke5 Kf7 64. Kf5
Kg7 65. Ke6 Kg6 66. f4 Kg7 67. f5 Kf8 68. Kf6 Kg8 69. Ke7 Kg7 70. f6+ {
roma resigns} 1-0

[Event "ICS rated blitz match"]
[Site "204.178.125.65"]
[Date "1999.10.27"]
[Round "?"]
[White "PackMaster"]
[Black "Hossa"]
[Result "1/2-1/2"]
[WhiteElo "2566"]
[BlackElo "2432"]
[PlyCount "178"]
[EventDate "1999.??.??"]

1. d4 Nf6 2. c4 e6 3. Nc3 Bb4 4. e3 c5 5. Bd3 Nc6 6. Nge2 cxd4 7. exd4 d5 8.
cxd5 exd5 9. O-O O-O 10. Bg5 Be7 11. Bc2 Re8 12. Re1 h6 13. Bf4 Bg4 14. Rc1 Rc8
15. Qd2 Bb4 16. Ng3 Rxe1+ 17. Rxe1 Na5 18. Bd3 Nc4 19. Bxc4 Rxc4 20. Re3 Qb6
21. Be5 Nd7 22. Rd3 f6 23. Bf4 Bxc3 24. Rxc3 Rxd4 25. Rd3 Rxd3 26. Qxd3 Qa5 27.
Nf1 h5 28. h3 Be6 29. Qe2 Nf8 30. Bd6 Qb6 31. Ba3 Bf7 32. Qd3 Nd7 33. Qc3 Qd8
34. Ne3 Be6 35. Qb4 Nb6 36. Qd4 Qc8 37. Bc5 Qc6 38. b3 Qb5 39. Nf1 Qa6 40. Qe3
Nc8 41. Ng3 h4 42. Nf5 Bd7 43. a3 b6 44. Bb4 Qb7 45. Nxh4 Qc6 46. Qd4 Qc1+ 47.
Kh2 Be6 48. Ng6 a5 49. Qc3 Qxc3 50. Bxc3 Kf7 51. Nf4 Nd6 52. Nxe6 Kxe6 53. Bd4
b5 54. a4 bxa4 55. bxa4 Kf5 56. f3 Kf4 57. Kg1 Kg5 58. g3 Nc4 59. Kf2 Kf5 60.
g4+ Kg5 61. Kg3 Kg6 62. h4 Kf7 63. g5 fxg5 64. hxg5 g6 65. Kg4 Nd2 66. Bb6 Nb3
67. Kf4 Ke6 68. Ke3 Kd6 69. f4 Kc6 70. f5 d4+ 71. Kf3 Kxb6 72. fxg6 d3 73. g7
Nd4+ 74. Ke4 d2 75. g8=Q d1=Q 76. Qd8+ Kc6 77. Qd5+ Kc7 78. Qxa5+ Kd7 79. Qd5+
Ke7 80. Qxd4 Qg4+ 81. Kd5 Qxg5+ 82. Kc4 Qa5 83. Qc5+ Qxc5+ 84. Kxc5 Kd7 85. a5
Kc7 86. a6 Kc8 87. Kb6 Kb8 88. Kc6 Ka7 89. Kd7 89... Kxa6 {
Game drawn because neither player has mating material} 1/2-1/2